01037nam a22002057a 4500003000400000005001700004008004100021020001500062040000700077100002500084245011400109260007100223300001900294504003100313505040600344650002700750650002100777650001500798651001800813OSt20180710055830.0180220b xxu||||| |||| 00| 0 spa d a9977962790 cPJ aCerdas Cruz, Rodolfo10aEl precio de una herencia :bdemocracia, seguridad y derechos humanos en Centroamerica /cRodolfo Cerda Cruz. aSan José :bInstituto Interamericano de Derechos Humanos,c1996. a145 p.c23 cm. aBibliografía: p.143-145. aContenido: Transición democrática y desarrollo institucional en Centro América -- Guatemala. La dura herencia autoritaria -- El Salvador. La democracia negociada -- Honduras. El duro avance a la democracia -- Nicaragua. En busca de democracia y afirmación nacional -- Costa Rica. Una democracia en erosión -- Panamá. En busca del propio camino -- Centroamérica. Una visión comparativa. 0aDERECHO CONSTITUCIONAL 0aDERECHOS HUMANOS 0aDEMOCRACIA 0aCENTROAMERICA